000 00228 a2200085 4500
041 _aspa
100 _aMecd
245 _aNormas para la Administracion de los Bienes y Recursos en los centros de participacion Educativa
942 _cBK
999 _c15924
_d15924